| 000 | 00907nam0a22002291i 4500 | ||
|---|---|---|---|
| 001 | rc\884439 | ||
| 005 | 20240723124449.0 | ||
| 035 | _a(NLR Aleph) 006061631 | ||
| 090 |
_a4915346 _c4915346 |
||
| 100 | _a20041129d1983 u |0rusy50 ca | ||
| 101 | 0 | _arus | |
| 102 | _aRU | ||
| 105 | _ay ||||||||| | ||
| 200 | 1 |
_aСтадии развития овражно-балочных форм Среднерусской возвышенности _e(На прим. бассейна р. Сейм) _eАвтореф. дис. на соиск. учен. степ. канд. геогр. наук _e(11.00.04) |
|
| 210 |
_aМ. _d1983 |
||
| 215 | _a20 с. | ||
| 300 | _aВ надзаг.: МГУ им. М.В. Ломоносова, Геогр. фак. | ||
| 700 | 1 |
_aГайворон _bТ.Д. _gТатьяна Дмитриевна |
|
| 801 | 0 |
_aRU _bNLR _gpsbo |
|
| 801 | 1 |
_aRU _bELAR _2rusmarc |
|
| 852 |
_aNLR _j83-4/30151 |
||
| 942 | _cBOOK | ||